| Tag |
First Indicator |
Second Indicator |
Subfields |
| LEADER |
00000cam a22000008a 4500 |
| 001 |
in00001070607 |
| 005 |
20150929101642.0 |
| 008 |
910516s1992 nyu 000 1 eng |
| 010 |
|
|
|a 91050473
|
| 020 |
|
|
|a 0060190116 :
|c $22.00
|
| 035 |
|
|
|a (OCoLC)25164736
|
| 035 |
|
|
|9 AFP2216AM
|
| 040 |
|
|
|a DLC
|c DLC
|d MRQ
|d CLE
|d SUC
|d TXA
|d UtOrBLW
|
| 049 |
|
|
|a TXAM
|
| 050 |
0 |
0 |
|a PS3569.I4116
|b S43 1992
|
| 082 |
0 |
0 |
|a 813/.54
|2 20
|
| 100 |
1 |
|
|a Sigal, Clancy.
|
| 245 |
1 |
4 |
|a The secret defector /
|c Clancy Sigal.
|
| 250 |
|
|
|a 1st ed.
|
| 263 |
|
|
|a 9203
|
| 264 |
|
1 |
|a New York, NY :
|b HarperCollinsPublishers,
|c [1992]
|
| 264 |
|
4 |
|c ©1992
|
| 300 |
|
|
|a 274 pages ;
|c 25 cm.
|
| 336 |
|
|
|a text
|b txt
|2 rdacontent
|
| 337 |
|
|
|a unmediated
|b n
|2 rdamedia
|
| 338 |
|
|
|a volume
|b nc
|2 rdacarrier
|
| 500 |
|
|
|a "Aaron Asher Books."
|
| 655 |
|
7 |
|a Humorous fiction.
|2 gsafd
|
| 650 |
|
0 |
|a Radicals
|v Fiction.
|
| 651 |
|
0 |
|a England
|x Social conditions
|y 1945-
|x Fiction.
|
| 999 |
|
|
|a MARS
|
| 999 |
f |
f |
|s 8b5507c5-4f03-3c49-bf1b-4a59057bf812
|i 9d8c09f7-3163-3d01-8e82-437f811bc0fa
|t 0
|
| 952 |
f |
f |
|p ric
|a Texas A&M University
|b Rellis Campus
|c Joint Library Facility
|d Remote Storage
|t 0
|e PS3569.I4116 S43 1992
|h Library of Congress classification
|i unmediated -- volume
|m A14815699845
|
| 998 |
f |
f |
|a PS3569.I4116 S43 1992
|t 0
|l Remote Storage
|